00714 a2200133 4500020001500000082001700015100002200032245003200054260004100086300002700127505036900154650003600523700002100559 a844930315x a701.17bK16e aKandinsky, Vasili aDe lo espiritual en el Arte aBuenos AiresbEdiciones Paidosc1996 a116 pbil (col)c21 cm tIntroduccion. Max Bill Prologo a la primera edicion suiza. Prologo a la segunda edicion suiza.tA. Notas Generales I. Introduccion II. El movimiento III. El cambio de las formas y los colores IV. La piramidetB. La Pintura V. Los efectos del color VI. El lenguaje de las formas y los colores VII. Teoria VIII. La obra de arte y el artistatEpilogo Laminas I-VIII aEsteticaxArte criticoxpintura aVasili Kandinsky